Statistics for States in an Eagle on the United States Map

Click here to take the quiz!

General Stats

  • This quiz has been taken 105 times
  • The average score is 21 of 22

Answers on the Map

Answers color-coded by a green-red scale on the quiz's map according to % correct below.
 

Answer Stats

Etats% Correct
New York
99%
South Carolina
99%
Georgia
98%
North Carolina
98%
Delaware
97%
New Jersey
97%
Tennessee
97%
Virginia
97%
West Virginia
97%
Kentucky
96%
Maryland
96%
Massachusetts
96%
Pennsylvania
96%
Vermont
96%
Ohio
95%
Connecticut
94%
Indiana
93%
New Hampshire
93%
Illinois
90%
Missouri
88%
Alabama
85%
Iowa
85%

Score Distribution

Percentile by Number Answered

Percent of People with Each Score

Your Score History

You have not taken this quiz